8 mots dans mots : cap (mort subite) - Statistiques

Statistiques générales
  • Ce quiz a été pris 35 fois
  • Le résultat moyen est 6 sur 8
Answers on the Grid
Answers color-coded by a green-red scale on the quiz's grid according to % correct below.
ultramicros---ique
handi---er
fran---honisation
s---handrier
gastrofibros---ie
en---uchonner
é---articipation
dé---oter
télé---ier
ré---ituler
sur---acité
poly---ier
ac---arer
trombinos---e
héli---tère
sur---italisation
 
Statistiques - réponses
Réponse % Correct
handi---er
86%
s---handrier
86%
ré---ituler
75%
ac---arer
71%
sur---acité
71%
sur---italisation
71%
dé---oter
64%
en---uchonner
64%
Aucun quiz correspondant
Distribution des résultats
% des personnes avec chaque résultat
Percentile par nombre de réponses
Votre historique - résultats
Vous n’avez pas pris ce quiz